| 000 | 00504nam a22001697a 4500 | ||
|---|---|---|---|
| 003 | PILC | ||
| 005 | 20150112093448.0 | ||
| 008 | 131018t xxu||||| |||| 00| 0 eng d | ||
| 020 | _a978007126373X | ||
| 050 |
_aHD 58.8 _b.P182 2009 |
||
| 100 |
_aPalmer, Ian _930029 |
||
| 245 |
_aManaging organizational change : _ba multiple perspectives approach / _cIan Palmer ... [et,al.] |
||
| 250 | _a2nd ed. | ||
| 260 |
_aNew York ; _bMcGraw-Hill Inc., _xyz2009. |
||
| 300 |
_a413 pages : _c27 cm. |
||
| 942 |
_2lcc _cBK |
||
| 999 |
_c15000 _d15000 |
||